000
00305nam a2200145Ia 4500
100
_a
Kumbhojkar / G.V
490
_v
2
942
_c
BK
654
_a
mathematics
245
_a
Applied Mathematics II
260
_b
C.Jamnadas&co.
_a
Pune
_c
2004
082
_a
511
_b
KUM
300
_a
425
546
_a
ENGLISH
999
_c
33709
_d
33709